000 00710nam a2200229 a 4500
001 BRCA_2875
005 20190320204017.0
008 111208s1954----enkp---###---#000-0#eng-#
050 4 _aND813.T4
_b.G65 1954
100 1 _aGoldscheider, Ludwing
_98022
245 1 0 _aEl Greco
_bpaintings, drawings and sculptures
_cLudwing Goldscheider.
260 _aLondon
_bPhaidon
_c1954
300 _a223 p.
_bil., 200 láminas
_c30 cm.
500 _aIncluye índice temático
500 _aAA34
504 _aBibliografía: p. 219
600 1 4 _aTheocopulli, Dominico
_cllamado El Greco
_dm. 1614
_98023
650 1 4 _aEscultores españoles
_98024
650 1 4 _aPintores españoles
_97620
902 _aGFM
942 _2lcc
_cB
999 _c2614
_d2614